[Event "Plzen, FSB A"]
[Site "?"]
[Date "2004.??.??"]
[Round "2.34"]
[White "Zimmer, C."]
[Black "Ionica, I."]
[Result "1/2-1/2"]
[WhiteElo "2020"]
[BlackElo "2264"]
[PlyCount "67"]
[EventDate "2004.??.??"]
[Source "ChessBase"]
[SourceDate "1996.11.15"]

1. c4 e6 2. Nc3 b6 3. e4 Bb7 4. Nf3 c5 5. Be2 Nc6 6. d3 d6 7. O-O Nf6 8. b3 Be7
9. Bb2 a6 10. Nd2 Nd4 11. f4 Qc7 12. Nf3 Nxe2+ 13. Qxe2 O-O 14. Rad1 Rad8 15.
d4 cxd4 16. Nxd4 d5 17. exd5 Bc5 18. Na4 exd5 19. cxd5 Rxd5 20. Nxc5 Qxc5 21.
Rc1 Qd6 22. Rcd1 Re8 23. Qf2 Qd7 24. Rde1 Rxe1 25. Rxe1 Rd6 26. Nf3 Ne4 27. Qe3
Rd1 28. Qe2 Rxe1+ 29. Qxe1 Qd3 30. Ng5 f6 31. Nxe4 Bxe4 32. Kf2 Qc2+ 33. Qe2
Qxe2+ 34. Kxe2 1/2-1/2

[Event "Plzen, FSB A"]
[Site "?"]
[Date "2004.??.??"]
[Round "2.35"]
[White "Adamek, F."]
[Black "Vinklarek, O."]
[Result "1/2-1/2"]
[WhiteElo "2144"]
[BlackElo "2044"]
[PlyCount "73"]
[EventDate "2004.??.??"]
[Source "ChessBase"]
[SourceDate "1996.11.15"]

1. e4 c5 2. Nf3 Nc6 3. d4 cxd4 4. Nxd4 Nf6 5. Nc3 e5 6. Ndb5 d6 7. Bg5 a6 8.
Bxf6 gxf6 9. Na3 b5 10. Nd5 f5 11. exf5 Bxf5 12. c4 Qa5+ 13. Qd2 Qxd2+ 14. Kxd2
Bh6+ 15. Kd1 bxc4 16. Nc7+ Ke7 17. Nxa8 Rxa8 18. Bxc4 d5 19. Be2 d4 20. Bc4 Be6
21. Ke2 Bxc4+ 22. Nxc4 Ke6 23. g4 e4 24. Rhe1 Rd8 25. Kf1 Kd5 26. b3 Bf4 27. h3
h5 28. Nb6+ Ke5 29. Nc4+ Kd5 30. Nb6+ Ke5 31. Rac1 Bxc1 32. Rxc1 Kd6 33. gxh5
Rh8 34. Nc4+ Kd5 35. Nb6+ Kd6 36. Nc4+ Kd5 37. Nb6+ 1/2-1/2

[Event "Plzen, FSB A"]
[Site "?"]
[Date "2004.??.??"]
[Round "2.36"]
[White "Pokrupa, M."]
[Black "Sladek, J."]
[Result "1-0"]
[WhiteElo "2122"]
[BlackElo "2042"]
[PlyCount "73"]
[EventDate "2004.??.??"]
[Source "ChessBase"]
[SourceDate "1996.11.15"]

1. Nf3 g6 2. g3 Bg7 3. d4 d5 4. Bg2 Nd7 5. O-O Ngf6 6. b3 c6 7. Bb2 Ne4 8. c4
O-O 9. Qc1 Re8 10. Rd1 Nf8 11. Nbd2 Bh6 12. e3 Bg4 13. h3 Bxf3 14. Bxf3 Nxd2
15. Qxd2 e6 16. Qb4 Qe7 17. Qa4 Nd7 18. Rac1 f5 19. Rc2 Bf8 20. Qa5 Nf6 21. a3
Qd8 22. Qxd8 Raxd8 23. b4 a6 24. Rdc1 dxc4 25. Rxc4 Nd5 26. Re1 Nb6 27. Rc2 Bg7
28. g4 Na4 29. Bc1 Re7 30. Bd1 Nb6 31. Rce2 Red7 32. Bb3 Re8 33. gxf5 gxf5 34.
e4 Kf8 35. exf5 Bxd4 36. Bxe6 Rg7+ 37. Kh1 {53 tahu} 1-0

[Event "Plzen, FSB A"]
[Site "?"]
[Date "2004.??.??"]
[Round "2.37"]
[White "Peniska, P."]
[Black "Fruehauf, N."]
[Result "1-0"]
[WhiteElo "2011"]
[BlackElo "2097"]
[PlyCount "151"]
[EventDate "2004.??.??"]
[Source "ChessBase"]
[SourceDate "1996.11.15"]

1. e4 e5 2. Nf3 Nc6 3. Bb5 a6 4. Bxc6 dxc6 5. d4 exd4 6. Qxd4 Qxd4 7. Nxd4 c5
8. Ne2 Bd7 9. Nbc3 O-O-O 10. Bd2 Ne7 11. O-O-O Nc6 12. Bf4 f6 13. Nd5 Ne5 14.
Bxe5 fxe5 15. c4 g6 16. Nec3 Bh6+ 17. Kc2 Be6 18. b3 c6 19. Nb6+ Kc7 20. Nba4
b6 21. f3 Be3 22. Nb2 b5 23. Rxd8 Rxd8 24. Rd1 Rxd1 25. Ncxd1 Bd4 26. Kd3 Kb6
27. a3 Kc7 28. Nc3 Kd6 29. a4 Kc7 30. a5 Kd6 31. Nbd1 Bg1 32. h3 g5 33. g4 Bf7
34. Ne2 Bh2 35. Ne3 Bf4 36. Nf5+ Kd7 37. Nxf4 gxf4 38. h4 Be6 39. h5 Bf7 40.
Nh6 Be8 41. Nf5 Bf7 42. Ng7 Bg8 43. g5 Bf7 44. h6 Bg6 45. Nf5 Ke6 46. Nh4 Kf7
47. Kc3 b4+ 48. Kd3 Bh5 49. Ke2 Bg6 50. Kf2 Bh5 51. Kg2 Bg6 52. Kh2 Bh5 53. Kh3
Kg8 54. Kg2 Kf7 55. Kf2 Bg6 56. Nf5 Ke6 57. Ng7+ Ke7 58. Ke2 Bf7 59. Nf5+ Ke6
60. Nh4 Bg8 61. g6 Kf6 62. g7 Ke7 63. Nf5+ Ke6 64. Kf2 Kf6 65. Kg2 Ke6 66. Kf2
Kf7 67. Ke2 Kf6 68. Kf2 Kf7 69. Kg2 Kf6 70. Kh2 Bf7 71. Kh3 Ke6 72. Kh4 Bg8 73.
Kg5 Bf7 74. Nh4 Bg8 75. Ng6 Kf7 76. Nxe5+ 1-0

[Event "Plzen, FSB A"]
[Site "?"]
[Date "2004.??.??"]
[Round "2.38"]
[White "Novy, V."]
[Black "Bonetti, C."]
[Result "1-0"]
[WhiteElo "2093"]
[BlackElo "2032"]
[PlyCount "77"]
[EventDate "2004.??.??"]
[Source "ChessBase"]
[SourceDate "1996.11.15"]

1. e4 e6 2. d4 d5 3. e5 c5 4. c3 Qb6 5. Nf3 Nc6 6. Bd3 cxd4 7. cxd4 Bd7 8. O-O
Nxd4 9. Nbd2 Ne7 10. Nxd4 Qxd4 11. Nf3 Qb6 12. Qe2 Nc6 13. Be3 Qd8 14. Bb5 a6
15. Bxc6 bxc6 16. Rfc1 Qa5 17. Nd4 Qc7 18. f4 c5 19. Nb3 c4 20. Nd4 Bc5 21. Qg4
O-O 22. Qe2 Qb6 23. Rd1 Ba4 24. Rd2 Bb5 25. Qd1 a5 26. Qc2 a4 27. a3 g6 28. Re1
Rfc8 29. Qd1 Qa5 30. Rc2 Ba7 31. Rc3 Rab8 32. Kh1 Ba6 33. Qd2 Bxd4 34. Bxd4 Rb3
35. f5 gxf5 36. Qh6 Rxc3 37. Bxc3 Qd8 38. Re3 Qf8 39. Rg3+ 1-0

[Event "Plzen, FSB A"]
[Site "?"]
[Date "2004.??.??"]
[Round "2.39"]
[White "Reitinger, P."]
[Black "Voglova, E."]
[Result "1/2-1/2"]
[WhiteElo "2090"]
[BlackElo "1988"]
[PlyCount "30"]
[EventDate "2004.??.??"]
[Source "ChessBase"]
[SourceDate "1996.11.15"]

1. e4 d5 2. exd5 Nf6 3. d4 Nxd5 4. c4 Nb6 5. Nc3 e5 6. Nf3 exd4 7. Qxd4 Nc6 8.
Qe4+ Qe7 9. Bf4 Be6 10. O-O-O Rd8 11. Rxd8+ Kxd8 12. Nb5 Bxc4 13. Bxc7+ Kc8 14.
Qxe7 Bxe7 15. Bxc4 Nxc4 1/2-1/2

[Event "Plzen, FSB A"]
[Site "?"]
[Date "2004.??.??"]
[Round "2.40"]
[White "van Himbergen, H."]
[Black "de Cauter, W."]
[Result "0-1"]
[WhiteElo "1996"]
[BlackElo "2089"]
[PlyCount "60"]
[EventDate "2004.??.??"]
[Source "ChessBase"]
[SourceDate "1996.11.15"]

1. Nf3 f5 2. e4 fxe4 3. Ng5 d5 4. d3 e3 5. Bxe3 e5 6. f4 Nf6 7. fxe5 Ng4 8. Bf4
Be7 9. Nf3 O-O 10. Qd2 d4 11. h3 Rxf4 12. Qxf4 Ne3 13. Kd2 c5 14. Na3 Be6 15.
c4 Qa5+ 16. Ke2 Nc6 17. g4 Rf8 18. Qg3 a6 19. Bg2 b5 20. Rhc1 Qb4 21. Rab1 bxc4
22. Nxc4 Nxc4 23. dxc4 Bxc4+ 24. Kf2 Bxa2 25. Ra1 Qxb2+ 26. Kg1 c4 27. Ne1 Nb4
28. Be4 d3 29. Rd1 Bc5+ 30. Kh1 Rf1+ 0-1

[Event "Plzen, FSB A"]
[Site "?"]
[Date "2004.??.??"]
[Round "2.41"]
[White "Hejl, J."]
[Black "Vlcek, J."]
[Result "0-1"]
[WhiteElo "2081"]
[BlackElo "1976"]
[PlyCount "62"]
[EventDate "2004.??.??"]
[Source "ChessBase"]
[SourceDate "1996.11.15"]

1. d4 Nf6 2. c4 e6 3. Nf3 c6 4. Bg5 Be7 5. Nc3 Qa5 6. Bd2 Qc7 7. e4 d5 8. cxd5
exd5 9. e5 Ne4 10. Bd3 Bf5 11. Qc2 Nxd2 12. Bxf5 Nxf3+ 13. gxf3 g6 14. Bh3 Na6
15. a3 Bg5 16. Rg1 Qe7 17. Ne2 Bh6 18. Rg4 Nc7 19. f4 f5 20. exf6 Qxf6 21.
O-O-O Ne6 22. Kb1 O-O-O 23. Ng3 Kb8 24. f5 Nf4 25. Bf1 Rhf8 26. fxg6 Nxg6 27.
Bd3 Bg5 28. Nh5 Qe7 29. Bxg6 hxg6 30. Qxg6 Qe2 31. Rdg1 Rxf2 0-1

[Event "Plzen, FSB A"]
[Site "?"]
[Date "2004.??.??"]
[Round "2.42"]
[White "Drahorad, D."]
[Black "Malec, J."]
[Result "1/2-1/2"]
[WhiteElo "1977"]
[BlackElo "2079"]
[PlyCount "43"]
[EventDate "2004.??.??"]
[Source "ChessBase"]
[SourceDate "1996.11.15"]

1. e4 d6 2. d4 g6 3. Nc3 Bg7 4. Be3 c6 5. Qd2 Bd7 6. Bc4 a5 7. a4 Na6 8. Nge2
Nc7 9. O-O h5 10. f4 e6 11. f5 gxf5 12. exf5 e5 13. f6 Bf8 14. dxe5 d5 15. Bb3
Ne6 16. Nf4 Nh6 17. Nce2 Ng4 18. Nxe6 Bxe6 19. Nf4 Qc7 20. Nxe6 fxe6 21. Bf4
Qb6+ 22. Kh1 1/2-1/2

[Event "Plzen, FSB A"]
[Site "?"]
[Date "2004.??.??"]
[Round "2.43"]
[White "Mitterhuemer, G."]
[Black "Pahorecky, J."]
[Result "1-0"]
[WhiteElo "2075"]
[BlackElo "1946"]
[PlyCount "75"]
[EventDate "2004.??.??"]
[Source "ChessBase"]
[SourceDate "1996.11.15"]

1. e4 c5 2. Nc3 Nc6 3. g3 g6 4. Bg2 Bg7 5. f4 d6 6. d3 e6 7. Nf3 Nge7 8. O-O
O-O 9. Be3 Nd4 10. e5 Nef5 11. Bf2 Qb6 12. Rb1 Nxf3+ 13. Qxf3 Nd4 14. Qd1 dxe5
15. fxe5 Bxe5 16. Ne4 f5 17. Nd2 Bd6 18. c3 Nc6 19. b4 Qc7 20. bxc5 Be7 21. d4
Rb8 22. Be3 Ra8 23. Nc4 Rd8 24. Qc1 Re8 25. Bf4 Qd7 26. Re1 Bf8 27. Rb2 Be7 28.
Rbe2 Bf8 29. Kh1 Kh8 30. a4 Nd8 31. Qd1 Nc6 32. a5 Qd8 33. a6 Qd7 34. Qa4 Rd8
35. Rxe6 Nxd4 36. Qxd7 Bxd7 37. cxd4 Bxe6 38. Rxe6 1-0

[Event "Plzen, FSB A"]
[Site "?"]
[Date "2004.??.??"]
[Round "2.44"]
[White "Kovarik, J."]
[Black "Vrana, J."]
[Result "0-1"]
[WhiteElo "1959"]
[BlackElo "2074"]
[PlyCount "62"]
[EventDate "2004.??.??"]
[Source "ChessBase"]
[SourceDate "1996.11.15"]

1. e4 e5 2. Nf3 Nf6 3. Nc3 Nc6 4. Bc4 Nxe4 5. Nxe4 d5 6. Bb5 dxe4 7. Nxe5 Qd5
8. Bxc6+ bxc6 9. Ng4 Ba6 10. Ne3 Qe5 11. Rb1 f5 12. b3 f4 13. Bb2 Qc5 14. b4
Qg5 15. Qg4 Qxg4 16. Nxg4 h5 17. Ne5 Rh6 18. Bd4 Re6 19. a4 Rb8 20. Rb3 Rxb4
21. Rxb4 Bxb4 22. g4 c5 23. Bb2 e3 24. fxe3 fxe3 25. c3 Ba5 26. Nf3 e2 27. Nh4
Rb6 28. Bc1 Rf6 29. Nf5 g6 30. Ng3 h4 31. Nxe2 Re6 0-1

[Event "Plzen, FSB A"]
[Site "?"]
[Date "2004.??.??"]
[Round "2.45"]
[White "Fiala, J."]
[Black "Ondrejat, M."]
[Result "1/2-1/2"]
[WhiteElo "1914"]
[BlackElo "2072"]
[PlyCount "68"]
[EventDate "2004.??.??"]
[Source "ChessBase"]
[SourceDate "1996.11.15"]

1. e4 c5 2. Nf3 e6 3. d4 cxd4 4. Nxd4 Nf6 5. Nc3 Nc6 6. Ndb5 d6 7. Bf4 e5 8.
Bg5 a6 9. Na3 b5 10. Bxf6 gxf6 11. Nd5 Bg7 12. c3 f5 13. exf5 Bxf5 14. Nc2 Ne7
15. Nxe7 Bxc2 16. Qxc2 Qxe7 17. O-O-O O-O 18. Bd3 f5 19. Qb3+ Kh8 20. Kb1 e4
21. Bc2 a5 22. Qd5 Be5 23. g4 fxg4 24. h3 g3 25. fxg3 b4 26. cxb4 axb4 27. Qxe4
Qg7 28. Rhf1 Bxb2 29. Qxh7+ Qxh7 30. Bxh7 Be5 31. Be4 Rxf1 32. Rxf1 Ra3 33. Rf3
Bxg3 34. Rxa3 bxa3 1/2-1/2

[Event "Plzen, FSB A"]
[Site "?"]
[Date "2004.??.??"]
[Round "2.46"]
[White "Spiesberger, G."]
[Black "Vojir jr., V."]
[Result "1/2-1/2"]
[WhiteElo "2070"]
[BlackElo "1863"]
[PlyCount "64"]
[EventDate "2004.??.??"]
[Source "ChessBase"]
[SourceDate "1996.11.15"]

1. e4 c6 2. d4 d5 3. f3 dxe4 4. fxe4 e5 5. Nf3 Bg4 6. Bc4 f6 7. Be3 exd4 8.
Qxd4 Qxd4 9. Bxd4 Nd7 10. Nc3 Bc5 11. O-O-O O-O-O 12. h3 Bxd4 13. Rxd4 Bxf3 14.
gxf3 Ne7 15. Rg1 Ng6 16. f4 b5 17. Bf7 Nxf4 18. Rxg7 Ne5 19. Rd2 Rxd2 20. Kxd2
Rd8+ 21. Ke3 Nxf7 22. Rxf7 Nxh3 23. Rxh7 Ng5 24. Rxa7 Kb8 25. Rg7 Re8 26. Rg6
b4 27. Na4 Nxe4 28. Kd4 Kc7 29. Kc4 Rb8 30. Nc5 Nd6+ 31. Kd3 Ra8 32. Rxf6 Rxa2
{50 tahu} 1/2-1/2

[Event "Plzen, FSB A"]
[Site "?"]
[Date "2004.??.??"]
[Round "2.47"]
[White "Simunek, F."]
[Black "Sedlacek, J."]
[Result "0-1"]
[WhiteElo "1877"]
[BlackElo "2069"]
[PlyCount "78"]
[EventDate "2004.??.??"]
[Source "ChessBase"]
[SourceDate "1996.11.15"]

1. e4 c5 2. Nf3 e6 3. d4 cxd4 4. Nxd4 a6 5. Bd3 Nf6 6. O-O Bc5 7. Nb3 Be7 8. c4
d6 9. Nc3 Qc7 10. Qe2 O-O 11. f4 Nbd7 12. Nd4 b6 13. Kh1 Bb7 14. f5 e5 15. Nf3
Rac8 16. Be3 Nc5 17. Nd2 Nxd3 18. Qxd3 Bc6 19. h3 b5 20. cxb5 axb5 21. a4 bxa4
22. Nxa4 Qb7 23. Nc3 Ra8 24. Ra3 Rxa3 25. bxa3 d5 26. Rb1 Qa8 27. Nxd5 Nxd5 28.
exd5 Bxd5 29. Qe2 Qxa3 30. Bg1 Qxh3+ 31. Bh2 f6 32. Rb5 Ba8 33. Ra5 Qxf5 34.
Qb5 Qg4 35. Rxa8 Qd1+ 36. Bg1 Qxd2 37. Qb3+ Kh8 38. Rxf8+ Bxf8 39. Bc5 Qh6+ 0-1

[Event "Plzen, FSB A"]
[Site "?"]
[Date "2004.??.??"]
[Round "2.48"]
[White "Valickova, M."]
[Black "Petera, L."]
[Result "1-0"]
[WhiteElo "2063"]
[BlackElo "1851"]
[PlyCount "63"]
[EventDate "2004.??.??"]
[Source "ChessBase"]
[SourceDate "1996.11.15"]

1. e4 c5 2. Nf3 d6 3. Bc4 Nf6 4. e5 dxe5 5. Nxe5 e6 6. Qe2 Be7 7. O-O O-O 8. b3
Nbd7 9. Bb2 Nb6 10. f4 Nxc4 11. bxc4 Bd7 12. d3 Qc7 13. Nd2 Bc6 14. g4 Nd7 15.
Nxc6 Qxc6 16. g5 Rae8 17. Qh5 f6 18. Rf3 g6 19. Qh6 Rf7 20. Ne4 f5 21. Rh3 e5
22. Nc3 exf4 23. Re1 Nb6 24. Nd5 Nxd5 25. cxd5 Qb6 26. Bf6 c4+ 27. d4 Qb4 28.
Qxg6+ Kf8 29. Qh6+ Kg8 30. Qh4 Qd2 31. d6 f3 32. Qf2 1-0

[Event "Plzen, FSB A"]
[Site "?"]
[Date "2004.??.??"]
[Round "2.49"]
[White "Svoboda, J."]
[Black "Snaidr, J."]
[Result "1-0"]
[WhiteElo "1769"]
[BlackElo "2063"]
[PlyCount "75"]
[EventDate "2004.??.??"]
[Source "ChessBase"]
[SourceDate "1996.11.15"]

1. c4 e5 2. Nc3 Nc6 3. g3 g6 4. Bg2 Bg7 5. d3 Nge7 6. e4 O-O 7. Nge2 d6 8. Be3
Be6 9. Qd2 Nd4 10. h4 h5 11. Bg5 Qd7 12. Nxd4 exd4 13. Ne2 c6 14. Bh6 d5 15.
Bxg7 Kxg7 16. Nxd4 dxc4 17. Nxe6+ Qxe6 18. Qc3+ Kg8 19. Qxc4 Qd6 20. O-O-O b5
21. Qc3 Rad8 22. d4 a5 23. Qc5 Qe6 24. Kb1 f5 25. d5 cxd5 26. exd5 Qf6 27. Rhe1
Rd6 28. Qc7 Rf7 29. Qxa5 Kg7 30. Re6 Rxe6 31. dxe6 Qxe6 32. Qxb5 f4 33. Qd7
Qxd7 34. Rxd7 fxg3 35. fxg3 Nf5 36. Rd3 Re7 37. Bh3 Re1+ 38. Kc2 1-0

[Event "Plzen, FSB A"]
[Site "?"]
[Date "2004.??.??"]
[Round "2.50"]
[White "Vachtfeidl, P."]
[Black "Woudstra, W."]
[Result "1-0"]
[WhiteElo "2060"]
[BlackElo "1781"]
[PlyCount "43"]
[EventDate "2004.??.??"]
[Source "ChessBase"]
[SourceDate "1996.11.15"]

1. e4 c5 2. d4 cxd4 3. c3 Qa5 4. Nf3 Nc6 5. Bc4 Nf6 6. Qe2 d6 7. h3 Bd7 8. O-O
dxc3 9. Nxc3 Ne5 10. Nxe5 Qxe5 11. f4 Qh5 12. Qd3 e5 13. Nb5 Bxb5 14. Bxb5+ Kd8
15. Be3 exf4 16. Bxf4 Qc5+ 17. Be3 Qe5 18. Bd4 Qe7 19. e5 Ne8 20. Bc4 f6 21.
exf6 Nxf6 22. Rae1 1-0

[Event "Plzen, FSB A"]
[Site "?"]
[Date "2004.??.??"]
[Round "2.51"]
[White "Kriz, D."]
[Black "Kamenik, M."]
[Result "0-1"]
[WhiteElo "1732"]
[BlackElo "2057"]
[PlyCount "102"]
[EventDate "2004.??.??"]
[Source "ChessBase"]
[SourceDate "1996.11.15"]

1. e4 c5 2. c3 d5 3. exd5 Qxd5 4. d4 e5 5. Nf3 cxd4 6. cxd4 Nc6 7. Nc3 Bb4 8.
Bd2 Bxc3 9. Bxc3 e4 10. Ne5 Nxe5 11. dxe5 Ne7 12. Qxd5 Nxd5 13. Bb5+ Ke7 14.
Bd4 Bd7 15. Bxd7 Kxd7 16. O-O Ke6 17. a3 g5 18. Rfe1 Rhd8 19. Rxe4 Rac8 20.
Ree1 b6 21. g3 Nf4 22. Bc3 Nd5 23. Bd4 h5 24. Rac1 h4 25. Rxc8 Rxc8 26. Be3
hxg3 27. hxg3 g4 28. Re2 Rc4 29. Bg5 b5 30. Bf6 a5 31. Rd2 a4 32. Rd3 Rc2 33.
b3 Rc3 34. Rxc3 Nxc3 35. bxa4 bxa4 36. Bg7 Nb5 37. Bf8 Kxe5 38. Kf1 Kd4 39. Ke2
Nc3+ 40. Kd2 Kc4 41. Ke3 Kb3 42. Kf4 Nb5 43. Kxg4 Nxa3 44. Kf5 Nc2 45. Kf6 Nb4
46. Kxf7 a3 47. Bg7 Nd3 48. Ba1 Nxf2 49. Ke6 a2 50. Ke5 Kc2 51. Kd5 Kb1 0-1

[Event "Plzen, FSB A"]
[Site "?"]
[Date "2004.??.??"]
[Round "2.52"]
[White "Cvikl, M."]
[Black "Hava, P."]
[Result "1-0"]
[WhiteElo "2056"]
[BlackElo "1770"]
[PlyCount "61"]
[EventDate "2004.??.??"]
[Source "ChessBase"]
[SourceDate "1996.11.15"]

1. e4 d5 2. exd5 Nf6 3. c4 c6 4. d4 cxd5 5. Nc3 Nc6 6. Nf3 e6 7. c5 Be7 8. Bb5
Bd7 9. O-O O-O 10. Re1 b6 11. Bxc6 Bxc6 12. b4 bxc5 13. dxc5 Qb8 14. Nd4 Be8
15. Rb1 Ne4 16. Nxe4 dxe4 17. Qc2 f5 18. Nxe6 Rf6 19. Bf4 Qb7 20. Nc7 Rd8 21.
Nxe8 Rxe8 22. b5 Rd8 23. a4 Qc8 24. a5 Rf7 25. b6 axb6 26. axb6 Qxc5 27. Qa2 g5
28. Rec1 Qd4 29. b7 gxf4 30. Rc8 Bf8 31. Rxd8 1-0

[Event "Plzen, FSB A"]
[Site "?"]
[Date "2004.??.??"]
[Round "2.53"]
[White "Rakous, P."]
[Black "Spirek, A."]
[Result "0-1"]
[WhiteElo "1716"]
[BlackElo "2049"]
[PlyCount "38"]
[EventDate "2004.??.??"]
[Source "ChessBase"]
[SourceDate "1996.11.15"]

1. b3 d6 2. d4 Nf6 3. Bb2 g6 4. e3 Bg7 5. Be2 O-O 6. h4 h5 7. d5 c6 8. dxc6
Nxc6 9. Nh3 Bf5 10. a3 Rc8 11. c4 d5 12. Nf4 dxc4 13. Qxd8 Rfxd8 14. Bxc4 e5
15. Nh3 Na5 16. Nd2 b5 17. Bxf7+ Kxf7 18. Ng5+ Kg8 19. e4 Rxd2 0-1

[Event "Plzen, FSB A"]
[Site "?"]
[Date "2004.??.??"]
[Round "2.54"]
[White "Vladyka, V."]
[Black "Vojir sr., V."]
[Result "1/2-1/2"]
[WhiteElo "2048"]
[BlackElo "1721"]
[PlyCount "40"]
[EventDate "2004.??.??"]
[Source "ChessBase"]
[SourceDate "1996.11.15"]

1. e4 c6 2. d4 d5 3. exd5 cxd5 4. Bd3 e6 5. Nf3 Nf6 6. O-O Bd6 7. Re1 O-O 8. c3
Nbd7 9. Nbd2 a5 10. Ne5 Qc7 11. Ndf3 b6 12. Bg5 h6 13. Bh4 Bb7 14. Nxd7 Nxd7
15. Qe2 Qc8 16. a4 Ba6 17. Bxa6 Qxa6 18. Qxa6 Rxa6 19. Bg3 Bxg3 20. hxg3 Ra7
1/2-1/2

[Event "Plzen, FSB A"]
[Site "?"]
[Date "2004.??.??"]
[Round "3.1"]
[White "Gajewski, G."]
[Black "Rehorek, M."]
[Result "1/2-1/2"]
[WhiteElo "2439"]
[BlackElo "2300"]
[PlyCount "43"]
[EventDate "2004.??.??"]
[Source "ChessBase"]
[SourceDate "1996.11.15"]

1. e4 c5 2. Nc3 e6 3. Nf3 a6 4. d4 cxd4 5. Nxd4 Qc7 6. Be3 Nc6 7. Qd2 Nf6 8.
O-O-O Bb4 9. f3 Ne5 10. Nb3 b5 11. Bd4 Be7 12. Kb1 O-O 13. Qf2 d6 14. g4 Nfd7
15. g5 Bb7 16. Rg1 Rfc8 17. a3 Nc4 18. Bxc4 bxc4 19. Nd2 Rab8 20. Ba7 Ra8 21.
Bd4 Rab8 22. Ba7 1/2-1/2

[Event "Plzen, FSB A"]
[Site "?"]
[Date "2004.??.??"]
[Round "3.2"]
[White "Zawadzki, S."]
[Black "Bensch, P."]
[Result "1/2-1/2"]
[WhiteElo "2428"]
[BlackElo "2288"]
[PlyCount "76"]
[EventDate "2004.??.??"]
[Source "ChessBase"]
[SourceDate "1996.11.15"]

1. d4 Nf6 2. c4 g6 3. Nc3 d5 4. Nf3 Bg7 5. Qb3 dxc4 6. Qxc4 O-O 7. e4 Na6 8.
Bf4 c5 9. dxc5 Be6 10. Qb5 Bd7 11. Qxb7 Nxc5 12. Qb4 Rc8 13. e5 a5 14. Qa3 Nfe4
15. Nxe4 Nxe4 16. Bd3 Nc5 17. Be2 Ne6 18. Bd2 Bc6 19. Bxa5 Qd5 20. Rd1 Qe4 21.
Qe3 Nf4 22. Rg1 Qa4 23. Bc3 Nd5 24. Rxd5 Bxd5 25. a3 Bc4 26. Bd1 Qa6 27. h4
Rfd8 28. h5 Rd3 29. Qc1 Qc6 30. Qf4 Bh6 31. Qg4 Rxd1+ 32. Kxd1 Qa4+ 33. Ke1 Rd8
34. Nd4 Be6 35. Qd1 Qa6 36. g3 Bg7 37. f4 f6 38. h6 fxe5 {dale necitelne 51
tahu} 1/2-1/2

[Event "Plzen, FSB A"]
[Site "?"]
[Date "2004.??.??"]
[Round "3.3"]
[White "Petr, M."]
[Black "Cernousek, L."]
[Result "1/2-1/2"]
[WhiteElo "2307"]
[BlackElo "2378"]
[PlyCount "38"]
[EventDate "2004.??.??"]
[Source "ChessBase"]
[SourceDate "1996.11.15"]

1. e4 d5 2. exd5 Qxd5 3. Nc3 Qa5 4. d4 e5 5. dxe5 Bb4 6. Bd2 Qxe5+ 7. Qe2 Qxe2+
8. Bxe2 Nf6 9. O-O-O c6 10. Bc4 O-O 11. f3 b5 12. Bd3 Nbd7 13. Ne4 Be7 14.
Nxf6+ Nxf6 15. Ne2 Rd8 16. Rhe1 Bb7 17. Ng3 Re8 18. c4 Ba6 19. cxb5 Bxb5
1/2-1/2

[Event "Plzen, FSB A"]
[Site "?"]
[Date "2004.??.??"]
[Round "3.4"]
[White "Wiesinger, R."]
[Black "Hagarova, Z."]
[Result "1/2-1/2"]
[WhiteElo "2265"]
[BlackElo "2330"]
[PlyCount "87"]
[EventDate "2004.??.??"]
[Source "ChessBase"]
[SourceDate "1996.11.15"]

1. e4 c5 2. Nf3 Nc6 3. Bb5 d6 4. O-O Bd7 5. c3 a6 6. Ba4 c4 7. d4 cxd3 8. Qxd3
g6 9. Nd4 Bg7 10. Nxc6 Bxc6 11. Bxc6+ bxc6 12. Be3 Nf6 13. Nd2 O-O 14. Rad1 Qa5
15. Qb1 Rab8 16. Nf3 d5 17. e5 Ne4 18. c4 Qc7 19. Bd4 e6 20. Rfe1 c5 21. cxd5
exd5 22. Rc1 Qb6 23. Bc3 Rfc8 24. Rxe4 dxe4 25. Qxe4 Qb7 26. Qh4 Qd5 27. Re1
Re8 28. a3 h6 29. h3 Rb3 30. Qa4 Re6 31. h4 Rb8 32. h5 Rd8 33. Qh4 g5 34. Qg4
Qd3 35. g3 Qc2 36. Kg2 Rd1 37. Rxd1 Qxd1 38. Qe4 Qd7 39. Nd2 f6 40. Nc4 fxe5
41. Nxe5 Bxe5 42. Bxe5 Qc6 43. Qxc6 Rxc6 44. Kf3 1/2-1/2

[Event "Plzen, FSB A"]
[Site "?"]
[Date "2004.??.??"]
[Round "3.5"]
[White "Plischki, S."]
[Black "Zeleny, T."]
[Result "1/2-1/2"]
[WhiteElo "2325"]
[BlackElo "2254"]
[PlyCount "120"]
[EventDate "2004.??.??"]
[Source "ChessBase"]
[SourceDate "1996.11.15"]

1. d4 Nf6 2. c4 g6 3. Nf3 Bg7 4. g3 O-O 5. Bg2 d6 6. O-O Nc6 7. Nc3 Bg4 8. d5
Na5 9. Qd3 c5 10. Bd2 e5 11. dxe6 Bxe6 12. b3 Nc6 13. Rad1 Nb4 14. Qb1 d5 15.
a3 Bf5 16. Qc1 Nc6 17. Nxd5 Nxd5 18. cxd5 Nd4 19. Nxd4 cxd4 20. Bh6 Rc8 21. Qf4
Bxh6 22. Qxh6 Qb6 23. Qf4 Rc3 24. Rxd4 Qxb3 25. a4 b6 26. h4 h5 27. Bf3 Bh3 28.
Rfd1 Bd7 29. d6 Rc4 30. Kg2 Rxa4 31. Rxa4 Qxa4 32. Qxa4 Bxa4 33. Ra1 Bb5 34.
Rxa7 Rd8 35. Bd5 Rxd6 36. Bxf7+ Kf8 37. e4 Bc6 38. f3 b5 39. Rc7 b4 40. Bc4 Rf6
41. Rc8+ Ke7 42. Rb8 Kd6 43. Bd3 Kc5 44. Kf2 Kd4 45. Rd8+ Kc3 46. Ke3 b3 47. f4
b2 48. e5 Re6 49. Rd6 Bb5 50. Be4 Bc4 51. Rxe6 Bxe6 52. Bxg6 Bb3 53. Bb1 Bc2
54. Ba2 Bf5 55. g4 hxg4 56. h5 Kb4 57. e6 Ka3 58. e7 Kxa2 59. e8=Q b1=Q 60.
Qa4+ Kb2 1/2-1/2

[Event "Plzen, FSB A"]
[Site "?"]
[Date "2004.??.??"]
[Round "3.6"]
[White "Folk, P."]
[Black "Fiala, R."]
[Result "1/2-1/2"]
[WhiteElo "2245"]
[BlackElo "2324"]
[PlyCount "35"]
[EventDate "2004.??.??"]
[Source "ChessBase"]
[SourceDate "1996.11.15"]

1. e4 e5 2. Nf3 Nf6 3. d4 Nxe4 4. Bd3 d5 5. Nxe5 Be7 6. O-O O-O 7. c4 c6 8. Nc3
Nf6 9. Bg5 Nbd7 10. Re1 dxc4 11. Bxc4 Nb6 12. Bb3 Nfd5 13. Nxd5 Nxd5 14. Bxe7
Nxe7 15. Qf3 Nd5 16. Bxd5 cxd5 17. Rac1 Be6 18. Qb3 1/2-1/2

[Event "Plzen, FSB A"]
[Site "?"]
[Date "2004.??.??"]
[Round "3.7"]
[White "Novak, P."]
[Black "Jaros, M."]
[Result "1-0"]
[WhiteElo "2323"]
[BlackElo "2169"]
[PlyCount "47"]
[EventDate "2004.??.??"]
[Source "ChessBase"]
[SourceDate "1996.11.15"]

1. e4 e5 2. Nf3 Nc6 3. d4 exd4 4. Nxd4 Bc5 5. Nb3 Bb6 6. a4 Qf6 7. Qe2 Nd4 8.
Nxd4 Bxd4 9. c3 Bc5 10. g3 Nh6 11. Bg2 O-O 12. b4 Be7 13. O-O a5 14. Bb2 Re8
15. c4 Qg6 16. b5 d6 17. Nc3 f5 18. Nd5 Bd8 19. Nf4 Qg5 20. h4 Qe7 21. Nh5 fxe4
22. Nxg7 Rf8 23. Bxe4 Rf7 24. Rae1 1-0

[Event "Plzen, FSB A"]
[Site "?"]
[Date "2004.??.??"]
[Round "3.8"]
[White "Jurek, J."]
[Black "Kriz, L."]
[Result "1-0"]
[WhiteElo "2387"]
[BlackElo "2072"]
[PlyCount "101"]
[EventDate "2004.??.??"]
[Source "ChessBase"]
[SourceDate "1996.11.15"]

1. Nf3 Nf6 2. c4 c5 3. g3 g6 4. Bg2 Bg7 5. O-O O-O 6. d4 cxd4 7. Nxd4 Nc6 8.
Nc3 Nxd4 9. Qxd4 d6 10. Qd3 Nd7 11. b3 Nc5 12. Qd2 Rb8 13. Bb2 a6 14. Rfd1 Be6
15. b4 Nd7 16. Nd5 Bxb2 17. Qxb2 b6 18. Rac1 f5 19. Qd4 Nf6 20. Qe3 Bxd5 21.
cxd5 Nd7 22. Rc3 a5 23. a3 axb4 24. axb4 Rf7 25. Rdc1 b5 26. Qd4 Qb6 27. Qxb6
Nxb6 28. e4 Nc4 29. exf5 Rxf5 30. Bh3 Rh5 31. Be6+ Kg7 32. Ra1 Rb7 33. g4 Rh4
34. Ra8 h5 35. g5 Rf4 36. h4 Nb6 37. Rg8+ Kh7 38. Kg2 Ra7 39. Re8 Nc4 40. Kg3
Rd4 41. Rf3 Ra3 42. Rxe7+ Kh8 43. Rxa3 Nxa3 44. Rd7 Rxb4 45. Rxd6 Nc4 46. Rd8+
Kh7 47. d6 Rb3+ 48. Kg2 Rd3 49. d7 Ne5 50. Re8 Nc6 51. Rc8 1-0